000 00731nam a2200217 i 4500
001 182287
003 ES-MaACL
005 20230906221555.0
008 130731s1986 sp |||| | spa d
080 _a75 Sicilia, José María (083.824)
100 1 _aSicilia, José María.
_9132711
245 1 0 _aJosé María Sicilia
_b: [Exposición] /
_c[texto, Rosa Queralt].
260 _aBarcelona :
_bDau al Set,
_c[1986]
300 _a[20 p.] :
_bprincipalmente il. col. ;
_c22 cm.
600 1 4 _aSicilia, José María-
_vExposiciones.
_9132712
655 7 _2tgfbne
_9193628
_aCatálogos de exposiciones
700 1 _aQueralt, Rosa.
_9153122
852 _aES-MaACL
_j2316-F-35
942 _2udc
999 _c182287
_d182287